Resident Evil 4 Quiz - Statistics

General Stats
  • This quiz has been taken 346 times
  • The average score is 11 of 55
Answer Stats
Hint Answer % Correct
Damsel In Distress AKA The Most Annoying Character In The Game Ashley Graham
86%
Main Character Leon Scott Kennedy
72%
The Lady In The Red Dress Ada Wong
59%
Small And Says Mr Kennedy Ramon Salazar
52%
Woman On The Radio #Informs You That You Are Taking The Scenic Route Ingrid Hunnigan
51%
Main Antagonist Osmund Saddler
51%
The Main Enemies Of The Game Ganados
43%
The Cult That #4 Is In Charge Of Los Illuminados
39%
The Boss That #1 Fights In A Lake Del Lago
38%
The Second Level Of The Game The Castle
38%
The Final Level Of The Level The Island
38%
When Do You Fight The Guys With The Gas Masks? The Island
38%
The First Level Of The Game The Village
38%
Knife And Explosive Bow And Arrows Along With A Red Beret Jack Krauser
36%
Is That All Stranger? The Merchant
32%
Character Who Says Small World Eh? Luis Sera
29%
Which Character Is Mentioned During The Campaign (When Lady In The Red Dress And Red Beret Mercenary Are Talking Albert Wesker
28%
How Many Of #18 Do You Fight In The Game? 4
24%
Which Enemies Do You Fight In The First Level? Villagers
23%
Which Creature Is Infamous For Walking Like A Zombie? Regenerator
22%
The Infamous Magnum Of The Game Broken Butterfly
21%
Which Creature Possesses Spikes And Also Walks Like A Zombie? Iron Maiden
18%
The Police Style Shotgun Riot Gun
18%
The Big Cheese Bitorez Mendez
16%
The Key Item Which Is The Opposite Of The King's Grail Queen's Grail
16%
The Boss Who Resembles A Right Hand Verdugo
16%
The Bugs That Fly Novistadors
15%
Which Enemies Do You Mostly Fight In The Third Level? Soldiers
14%
The Machine Pistol TMP
14%
The Giants That Resemble Cave Trolls From The Lord Of The Rings El Gigantes
13%
Number 1s secondary move Suplex
13%
The Name Of The Enemy Who Uses A Minigun And Has A Red Beret JJ
12%
The Regular Sniper Rifle Rifle
12%
How many Pesetas Do You Receive For Defeating The Above? 30,000
11%
What Does The Big Cheese Drop When He Is Defeated? False Eye
10%
A Gun Which Can Make Enemies Explode Mine Thrower
10%
Number 1s signature move Roundhouse Kick
10%
The Boss That You Fight First In The Island It
9%
The Best Sniper Rifle Semi Auto Rifle
9%
How Many Pesetas Do You Receive For Defeating #18 15,000
8%
Which Enemies Do You Mostly Fight In The Second Level? Zealots
7%
The Third Shotgun Of The Game The Striker
6%
Awesome Scope Infrared Scope
5%
A Key That You Find In The Village (Before you receive a warning from #11) Insignia Key
5%
The Infamous Area Of The Castle Where #13 Tries To Kill You The Garden
4%
Area Where #2 Is Useless Water Room
4%
The Place Where You Take On A Legion Of Enemies (After you cross a bridge) Cabin
3%
Armaments That Go Boom Dynamite
3%
The Weapon That The Merchant sells you AKA The Last Handgun The Blacktail
3%
The Infamous Electric Weapons Cattle Prods
1%
What Does The Main Antagonist Say When You Confront Him At The End Of The Game? I Will Help You Awaken From Your World Of Cliches
1%
Enemies That You Fight In Order To Claim The King's Grail Plaga Knights
1%
The Wolves That Have Been Possessed By The Las Plagas Virus Colmillos Wolves
0%
Incoming (Projectiles That Exist Within The Castle) Fire Mortars
0%
The Enemies That Have Blades Like Wolverine From X-Men Garrardors
0%
No matching quizzes found
Score Distribution
Percent of People with Each Score
Percentile by Number Answered
Your Score History
You have not taken this quiz